David Bennett Cohen teaches blues piano (Registro nro. 319826)

Detalles MARC
000 -ENCABEZADO
Número de control [NR] 01254nam a2200229 a 4500
005 - FECHA Y HORA DE LA ÚLTIMA TRANSACCIÓN
control field 20211027120056.0
008 - DE LONGITUD FIJA DE DATOS DE ELEMENTOS - INFORMACIÓN GENERAL
Elementos de longitud fija [NR] 120830s1996 nyu |||gr|||| 00| 0 eng d
020 ## - NUMERO INTERNACIONAL NORMALIZADO PARA LIBROS [R]
Número Internacional Normalizado del libro [NR] 9780793562572
040 ## - FUENTE DE CATALOGACION [NR]
Agencia de catalogación original [NR] CO-BoUCM
Idioma de catalogación [NR] spa
Quien Cataloga Deissy Garcia
Quien Clasifica Deissy Garcia
041 0# - CODIGO DE IDIOMA [R]
Código de idioma para texto/pista de sonido o título separado [R] Inglés
100 1# - ASIENTO PRINCIPAL--NOMBRE PERSONAL [NR]
Nombre personal [NR] Cohen, David Bennett
ID Autoridad 133833
245 10 - MENCION DE TITULO [NR]
Título [NR] David Bennett Cohen teaches blues piano
Parte restante del título [NR] a hands-on course in traditional blues piano : featuring a comprehensive audio lesson
Mención de responsabilidad, etc. [NR] David Bennett Cohen
260 ## - PUBLICACION, DISTRIBUCION, ETC. (PIE DE IMPRENTA) [R]
Lugar de publicación, distribución, etc. [R] Woodstock, Nueva York
Nombre del editor, distribuidor, etc. [R] Hal Leonard
Fecha de publicación, distribución, etc. [R] 1996
300 ## - DESCRIPCION FISICA [R]
Extensión [R] 1 partitura (23 páginas)
490 0# - MENCION DE SERIE [R]
Mención de serie [R] Piano Listen & Learn. Homespun music instruction
650 #7 - ASIENTO SECUNDARIO DE MATERIA - TERMINO TEMATICO [R]
Término temático o nombre geográfico como elemento de entrada [NR] Piano
Subdivisión de forma [R] Estudio y ejercicios
-- Partituras
9 (RLIN) 106709
650 #7 - ASIENTO SECUNDARIO DE MATERIA - TERMINO TEMATICO [R]
Término temático o nombre geográfico como elemento de entrada [NR] Música para piano
Subdivisión de forma [R] Estudio y ejercicios
-- Partituras
9 (RLIN) 106710
650 #7 - ASIENTO SECUNDARIO DE MATERIA - TERMINO TEMATICO [R]
Término temático o nombre geográfico como elemento de entrada [NR] Interpretación del piano
Subdivisión de forma [R] Estudio y ejercicios
-- Partituras
9 (RLIN) 106712
856 ## - LOCALIZACION Y ACCESO ELECTRONICOS [R]
Identificador Uniforme del Recurso (“URI”) [R] <a href="http://ez.urosario.edu.co/login?url=http://crai-recursos.urosario.edu.co/valida/index2.php?correo=^u&url=https%3A%2F%2Fwww.halleonard.com%2Fmylibrary%2Fproduct%2F841084&cadena=RGF2aWQgQmVubmV0dCBDb2hlbiB0ZWFjaGVzIGJsdWVzIHBpYW5vfFVuaXZlcnNpZGFkIGRlbCBSb3NhcmlvfDEyMzQ1NkNSQUk=">http://ez.urosario.edu.co/login?url=http://crai-recursos.urosario.edu.co/valida/index2.php?correo=^u&url=https%3A%2F%2Fwww.halleonard.com%2Fmylibrary%2Fproduct%2F841084&cadena=RGF2aWQgQmVubmV0dCBDb2hlbiB0ZWFjaGVzIGJsdWVzIHBpYW5vfFVuaXZlcnNpZGFkIGRlbCBSb3NhcmlvfDEyMzQ1NkNSQUk=</a>
Nota dirigida al público [R] Audio Access
942 ## - ELEMENTOS DE ENTRADA AGREGADOS (KOHA)
Tipo de ítem principal el descrito en 300a Libro
Sistema de clasificación DEWEY
Tema principal Arte
Edición 1
Clasificación 786.2
Parte restante de la signatura top. C678
Título oculto en OPAC No
Existencias
Signatura topográfica Código de barras Última vez visto Ejemplar Costo de reposición Price effective from Tipo de ítem Nota pública (OPAC) Perdido Sistema de clasificación Dañado No prestable Tipo de ítem específico Suprimido Ubicación habitual Ubicación actual Localización Fecha de creación Proveedor Forma de adquisición Costo
786.2 C678 100168450 10/12/2025 Ej.1 80000.00 01/10/2021 Libro Spot Teatro Musical   DEWEY     Libro   Sede del emprendimiento y la innovación Sede del Emprendimiento, Innovación y Creación 1er piso 01/10/2021 157 Compra 80000.00